000 00585nam a2200181Ia 4500
008 151018s9999 xx 000 0 und d
082 _bRBASDV61788
_a891.433
100 _aबिमल मित्र
245 _aबिछडे सभी बारी बारी
250 _b1
260 _bवाणी
_c2010
300 _a192
600 _aबिमल मित्र
630 _aबिछडे सभी बारी बारी
700 _aबिमल मित्र
730 _aबिछडे सभी बारी बारी
942 _cBOOK
999 _c1055037
_d1055034